Lumen Fidei: carta encíclica de S.S. Francisco sobre la fe.

محفوظ في:
التفاصيل البيبلوغرافية
المؤلف الرئيسي: Francisco, Papa (autor)
التنسيق: كتاب
اللغة:الإسبانية
منشور في: Santiago, Chile: PUC, 2013.
الطبعة:1a. ed
الموضوعات:
الوسوم: إضافة وسم
لا توجد وسوم, كن أول من يضع وسما على هذه التسجيلة!

MARC

LEADER 00000cam a2200000 a 4500
001 UCF8596
003 CL-VaPUC
005 20230817144901.0
008 130930e20130600cl |||||||||||||||||spa|d
020 |a 978-956-14-1355-9 
040 |c Pontificia Universidad Católica de Valparaíso 
082 0 4 |a 262.91 FRA 2013  |2 21 
100 |a Francisco,  |c Papa  |e autor  |9 877620 
245 1 0 |a Lumen Fidei: carta encíclica de S.S. Francisco sobre la fe. 
250 |a 1a. ed 
260 |a Santiago, Chile:  |b PUC,  |c 2013. 
300 |a 82 páginas 
500 |a c.51 (item 54). Donación Rector saliente Claudio Elortegui, Julio 2022. Sin memo. Ingresado Octubre 2022. 
583 |a last modification  |c 20150924 21:40:49  |k Rodrigo Vera 
600 0 |a Bergoglio, Jorge Mario,   |c S.J.  |9 570707 
650 0 |a Documentos pontificios   |9 255642 
650 0 |a Encíclicas  |9 255643 
942 |c BK  |2 ddc 
945 |d 20130930 13:19:00  |a dcastane 
999 |c 353163  |d 353161 
952 |0 0  |1 0  |3 erb  |4 0  |6 262_910000000000000_FRA_2013  |7 0  |8 A  |9 458136  |a BIBTEO  |b BIBTEO  |d 2019-11-23  |i 5011175  |o 262.91 FRA 2013  |p 5011175  |r 2025-01-17  |w 2019-11-23  |y BK  |z Catalogado en:20130930  |k ICR 
952 |0 0  |1 0  |3 erb  |4 0  |6 262_910000000000000_FRA_2013  |7 0  |8 A  |9 458137  |a BIBTEO  |b BIBTEO  |d 2019-11-23  |i 5013577  |o 262.91 FRA 2013  |p 5013577  |r 2025-01-17  |w 2019-11-23  |y BK  |z Catalogado en:20131004  |k ICR 
952 |0 0  |1 0  |3 erb  |4 0  |6 262_910000000000000_FRA_2013  |7 0  |8 A  |9 458138  |a BIBTEO  |b BIBTEO  |d 2019-11-23  |i 5013585  |o 262.91 FRA 2013  |p 5013585  |r 2025-01-17  |w 2019-11-23  |y BK  |z Catalogado en:20131004  |k ICR 
952 |0 0  |1 0  |3 erb  |4 0  |6 262_910000000000000_FRA_2013  |7 0  |8 A  |9 458139  |a BIBTEO  |b BIBTEO  |d 2019-11-23  |i 5013593  |o 262.91 FRA 2013  |p 5013593  |r 2025-01-17  |w 2019-11-23  |y BK  |z Catalogado en:20131004  |k ICR 
952 |0 0  |1 0  |3 erb  |4 0  |6 262_910000000000000_FRA_2013  |7 0  |8 A  |9 458140  |a BIBTEO  |b BIBTEO  |d 2019-11-23  |i 5013607  |o 262.91 FRA 2013  |p 5013607  |r 2025-01-17  |w 2019-11-23  |y BK  |z Catalogado en:20131004  |k ICR 
952 |0 0  |1 0  |3 erb  |4 0  |6 262_910000000000000_FRA_2013  |7 0  |8 A  |9 458141  |a BIBTEO  |b BIBTEO  |d 2019-11-23  |i 5013615  |o 262.91 FRA 2013  |p 5013615  |r 2025-01-17  |w 2019-11-23  |y BK  |z Catalogado en:20131004  |k ICR 
952 |0 0  |1 0  |3 erb  |4 0  |6 262_910000000000000_FRA_2013  |7 0  |8 A  |9 458142  |a BIBTEO  |b BIBTEO  |d 2019-11-23  |i 5013623  |o 262.91 FRA 2013  |p 5013623  |r 2025-01-17  |w 2019-11-23  |y BK  |z Catalogado en:20131004  |k ICR 
952 |0 0  |1 0  |3 erb  |4 0  |6 262_910000000000000_FRA_2013  |7 0  |8 A  |9 458143  |a BIBTEO  |b BIBTEO  |d 2019-11-23  |i 5013631  |o 262.91 FRA 2013  |p 5013631  |r 2025-01-17  |w 2019-11-23  |y BK  |z Catalogado en:20131004  |k ICR 
952 |0 0  |1 0  |3 erb  |4 0  |6 262_910000000000000_FRA_2013  |7 0  |8 A  |9 458144  |a BIBTEO  |b BIBTEO  |d 2019-11-23  |i 501364K  |o 262.91 FRA 2013  |p 501364K  |r 2025-01-17  |w 2019-11-23  |y BK  |z Catalogado en:20131004  |k ICR 
952 |0 0  |1 0  |3 erb  |4 0  |6 262_910000000000000_FRA_2013  |7 0  |8 A  |9 458145  |a BIBTEO  |b BIBTEO  |d 2019-11-23  |i 5013658  |o 262.91 FRA 2013  |p 5013658  |r 2025-01-17  |w 2019-11-23  |y BK  |z Catalogado en:20131004  |k ICR 
952 |0 0  |1 0  |3 erb  |4 0  |6 262_910000000000000_FRA_2013  |7 0  |8 A  |9 458146  |a BIBTEO  |b BIBTEO  |d 2019-11-23  |i 5013666  |o 262.91 FRA 2013  |p 5013666  |r 2025-01-17  |w 2019-11-23  |y BK  |z Catalogado en:20131004  |k ICR 
952 |0 0  |1 0  |3 erb  |4 0  |6 262_910000000000000_FRA_2013  |7 0  |8 X  |9 458147  |a FDOBUD  |b FDOBUD  |d 2019-11-23  |i 5014492  |o 262.91 FRA 2013  |p 5014492  |r 2019-11-23  |w 2019-11-23  |y BK_X  |z Catalogado en:20131004  |k BUD 
952 |0 0  |1 0  |3 erb  |4 0  |6 262_910000000000000_FRA_2013  |7 0  |8 X  |9 458148  |a FDOBUD  |b FDOBUD  |d 2019-11-23  |i 5014506  |o 262.91 FRA 2013  |p 5014506  |r 2019-11-23  |w 2019-11-23  |y BK_X  |z Catalogado en:20131004  |k BUD 
952 |0 0  |1 0  |3 erb  |4 0  |6 262_910000000000000_FRA_2013  |7 0  |8 X  |9 458149  |a FDOBUD  |b FDOBUD  |d 2019-11-23  |i 5014514  |o 262.91 FRA 2013  |p 5014514  |r 2019-11-23  |w 2019-11-23  |y BK_X  |z Catalogado en:20131004  |k BUD 
952 |0 0  |1 0  |3 erb  |4 0  |6 262_910000000000000_FRA_2013  |7 0  |8 A  |9 458150  |a BIBALI  |b BIBALI  |c GEN  |d 2019-11-23  |i 5014433  |o 262.91 FRA 2013  |p 5014433  |r 2025-01-20  |w 2019-11-23  |y BK  |z Catalogado en:20131004  |k ALI 
952 |0 0  |1 0  |2 ddc  |3 erb  |4 0  |6 262_910000000000000_FRA_2013  |7 0  |8 A  |9 458151  |a BIBALI  |b BIBALI  |c GEN  |d 2019-11-23  |i 5014441  |o 262.91 FRA 2013  |p 5014441  |r 2025-01-20  |w 2019-11-23  |y BK  |z Catalogado en:20131004  |k ALI 
952 |0 0  |1 0  |3 erb  |4 0  |6 262_910000000000000_FRA_2013  |7 0  |8 A  |9 458152  |a BIBALI  |b BIBALI  |c GEN  |d 2019-11-23  |i 501445K  |o 262.91 FRA 2013  |p 501445K  |r 2025-01-20  |w 2019-11-23  |y BK  |z Catalogado en:20131004  |k ALI 
952 |0 0  |1 0  |3 erb  |4 0  |6 262_910000000000000_FRA_2013  |7 0  |8 A  |9 458153  |a BIBING  |b BIBING  |d 2019-11-23  |i 5014379  |o 262.91 FRA 2013  |p 5014379  |r 2025-01-20  |w 2019-11-23  |y BK  |z Catalogado en:20131004  |k ING 
952 |0 0  |1 0  |3 erb  |4 0  |6 262_910000000000000_FRA_2013  |7 0  |8 A  |9 458154  |a BIBING  |b BIBING  |d 2019-11-23  |i 5014387  |o 262.91 FRA 2013  |p 5014387  |r 2025-01-20  |w 2019-11-23  |y BK  |z Catalogado en:20131004  |k ING 
952 |0 0  |1 0  |3 erb  |4 0  |6 262_910000000000000_FRA_2013  |7 0  |8 A  |9 458155  |a BIBING  |b BIBING  |d 2019-11-23  |i 5014395  |o 262.91 FRA 2013  |p 5014395  |r 2025-01-20  |w 2019-11-23  |y BK  |z Catalogado en:20131004  |k ING 
952 |0 0  |1 0  |3 erb  |4 0  |6 262_910000000000000_FRA_2013  |7 0  |8 A  |9 458156  |a BIBARQ  |b BIBARQ  |d 2019-11-23  |i 5013836  |o 262.91 FRA 2013  |p 5013836  |r 2025-01-20  |w 2019-11-23  |y BK  |z Catalogado en:20131004  |k ARQ 
952 |0 0  |1 0  |3 erb  |4 0  |6 262_910000000000000_FRA_2013  |7 0  |8 A  |9 458157  |a BIBARQ  |b BIBARQ  |d 2019-11-23  |i 5013844  |o 262.91 FRA 2013  |p 5013844  |r 2025-01-20  |w 2019-11-23  |y BK  |z Catalogado en:20131004  |k ARQ 
952 |0 0  |1 0  |3 erb  |4 0  |6 262_910000000000000_FRA_2013  |7 0  |8 A  |9 458158  |a BIBARQ  |b BIBARQ  |d 2019-11-23  |i 5013852  |o 262.91 FRA 2013  |p 5013852  |r 2025-01-20  |w 2019-11-23  |y BK  |z Catalogado en:20131004  |k ARQ 
952 |0 0  |1 0  |3 erb  |4 0  |6 262_910000000000000_FRA_2013  |7 0  |8 A  |9 458159  |a BIBAGR  |b BIBAGR  |d 2019-11-23  |i 5013771  |o 262.91 FRA 2013  |p 5013771  |r 2025-01-20  |w 2019-11-23  |y BK  |z Catalogado en:20131004  |k AGR 
952 |0 0  |1 0  |3 erb  |4 0  |6 262_910000000000000_FRA_2013  |7 0  |8 A  |9 458160  |a BIBAGR  |b BIBAGR  |d 2019-11-23  |i 501378K  |o 262.91 FRA 2013  |p 501378K  |r 2025-01-20  |w 2019-11-23  |y BK  |z Catalogado en:20131004  |k AGR 
952 |0 0  |1 0  |3 erb  |4 0  |6 262_910000000000000_FRA_2013  |7 0  |8 A  |9 458161  |a BIBAGR  |b BIBAGR  |d 2019-11-23  |i 5013798  |o 262.91 FRA 2013  |p 5013798  |r 2025-01-20  |w 2019-11-23  |y BK  |z Catalogado en:20131004  |k AGR 
952 |0 0  |1 0  |3 erb  |4 0  |6 262_910000000000000_FRA_2013  |7 0  |8 A  |9 458162  |a BIBGIM  |b BIBGIM  |d 2019-11-23  |i 501431K  |o 262.91 FRA 2013  |p 501431K  |r 2025-01-15  |w 2019-11-23  |y BK  |z Catalogado en:20131004  |k GIM 
952 |0 0  |1 0  |3 erb  |4 0  |6 262_910000000000000_FRA_2013  |7 0  |8 A  |9 458163  |a BIBGIM  |b BIBGIM  |d 2019-11-23  |i 5014328  |o 262.91 FRA 2013  |p 5014328  |r 2025-01-15  |w 2019-11-23  |y BK  |z Catalogado en:20131004  |k GIM 
952 |0 0  |1 0  |3 erb  |4 0  |6 262_910000000000000_FRA_2013  |7 0  |8 A  |9 458164  |a BIBGIM  |b BIBGIM  |d 2019-11-23  |i 5014336  |o 262.91 FRA 2013  |p 5014336  |r 2025-01-15  |w 2019-11-23  |y BK  |z Catalogado en:20131004  |k GIM 
952 |0 0  |1 0  |3 erb  |4 0  |6 262_910000000000000_FRA_2013  |7 0  |8 A  |9 458165  |a BIBEDU  |b BIBEDU  |d 2019-11-23  |i 5014255  |l 1  |o 262.91 FRA 2013  |p 5014255  |r 2023-05-22  |s 2023-05-22  |w 2019-11-23  |y BK  |z Catalogado en:20131004  |k EDU 
952 |0 0  |1 0  |3 erb  |4 0  |6 262_910000000000000_FRA_2013  |7 0  |8 A  |9 458166  |a BIBEDU  |b BIBEDU  |d 2019-11-23  |i 5014263  |o 262.91 FRA 2013  |p 5014263  |r 2019-11-23  |w 2019-11-23  |y BK  |z Catalogado en:20131004  |k EDU 
952 |0 0  |1 0  |3 erb  |4 0  |6 262_910000000000000_FRA_2013  |7 0  |8 A  |9 458167  |a BIBEDU  |b BIBEDU  |d 2019-11-23  |i 5014271  |o 262.91 FRA 2013  |p 5014271  |r 2019-11-23  |w 2019-11-23  |y BK  |z Catalogado en:20131004  |k EDU 
952 |0 0  |1 0  |3 erb  |4 0  |6 262_910000000000000_FRA_2013  |7 0  |8 A  |9 458168  |a BIBEDU  |b BIBEDU  |d 2019-11-23  |i 5014190  |o 262.91 FRA 2013  |p 5014190  |r 2023-01-12  |w 2019-11-23  |y BK  |z Catalogado en:20131004  |k MUS 
952 |0 0  |1 0  |3 erb  |4 0  |6 262_910000000000000_FRA_2013  |7 0  |8 A  |9 458169  |a BIBEDU  |b BIBEDU  |d 2019-11-23  |i 5014204  |o 262.91 FRA 2013  |p 5014204  |r 2023-01-12  |w 2019-11-23  |y BK  |z Catalogado en:20131004  |k MUS 
952 |0 0  |1 0  |3 erb  |4 0  |6 262_910000000000000_FRA_2013  |7 0  |8 A  |9 458170  |a BIBEDU  |b BIBEDU  |d 2019-11-23  |i 5014212  |o 262.91 FRA 2013  |p 5014212  |r 2023-01-12  |w 2019-11-23  |y BK  |z Catalogado en:20131004  |k MUS 
952 |0 0  |1 0  |3 erb  |4 0  |6 262_910000000000000_FRA_2013  |7 0  |8 A  |9 458171  |a BIBMEC  |b BIBMEC  |d 2019-11-23  |i 5014131  |o 262.91 FRA 2013  |p 5014131  |r 2024-01-19  |w 2019-11-23  |y BK  |z Catalogado en:20131004  |k MEC 
952 |0 0  |1 0  |3 erb  |4 0  |6 262_910000000000000_FRA_2013  |7 0  |8 A  |9 458172  |a BIBMEC  |b BIBMEC  |d 2019-11-23  |i 501414K  |o 262.91 FRA 2013  |p 501414K  |r 2024-01-19  |w 2019-11-23  |y BK  |z Catalogado en:20131004  |k MEC 
952 |0 0  |1 0  |3 erb  |4 0  |6 262_910000000000000_FRA_2013  |7 0  |8 A  |9 458173  |a BIBMEC  |b BIBMEC  |d 2019-11-23  |i 5014158  |o 262.91 FRA 2013  |p 5014158  |r 2024-01-19  |w 2019-11-23  |y BK  |z Catalogado en:20131004  |k MEC 
952 |0 0  |1 0  |3 erb  |4 0  |6 262_910000000000000_FRA_2013  |7 0  |8 A  |9 458174  |a BIBMAT  |b BIBMAT  |d 2019-11-23  |i 5014077  |o 262.91 FRA 2013  |p 5014077  |r 2025-01-07  |w 2019-11-23  |y BK  |z Catalogado en:20131004  |k MAT 
952 |0 0  |1 0  |3 erb  |4 0  |6 262_910000000000000_FRA_2013  |7 0  |8 A  |9 458175  |a BIBMAT  |b BIBMAT  |d 2019-11-23  |i 5014085  |o 262.91 FRA 2013  |p 5014085  |r 2025-01-07  |w 2019-11-23  |y BK  |z Catalogado en:20131004  |k MAT 
952 |0 0  |1 0  |3 erb  |4 0  |6 262_910000000000000_FRA_2013  |7 0  |8 A  |9 458176  |a BIBMAT  |b BIBMAT  |d 2019-11-23  |i 5014093  |o 262.91 FRA 2013  |p 5014093  |r 2025-01-07  |w 2019-11-23  |y BK  |z Catalogado en:20131004  |k MAT 
952 |0 0  |1 0  |3 erb  |4 0  |6 262_910000000000000_FRA_2013  |7 0  |8 A  |9 458177  |a BIBHIS  |b BIBHIS  |d 2019-11-23  |i 5014018  |o 262.91 FRA 2013  |p 5014018  |r 2025-01-20  |w 2019-11-23  |y BK  |z Catalogado en:20131004  |k HIS 
952 |0 0  |1 0  |3 erb  |4 0  |6 262_910000000000000_FRA_2013  |7 0  |8 A  |9 458178  |a BIBHIS  |b BIBHIS  |d 2019-11-23  |i 5014026  |o 262.91 FRA 2013  |p 5014026  |r 2025-01-20  |w 2019-11-23  |y BK  |z Catalogado en:20131004  |k HIS 
952 |0 0  |1 0  |3 erb  |4 0  |6 262_910000000000000_FRA_2013  |7 0  |8 A  |9 458179  |a BIBHIS  |b BIBHIS  |d 2019-11-23  |i 5014034  |o 262.91 FRA 2013  |p 5014034  |r 2025-01-20  |w 2019-11-23  |y BK  |z Catalogado en:20131004  |k HIS 
952 |0 0  |1 0  |3 erb  |4 0  |6 262_910000000000000_FRA_2013  |7 0  |8 A  |9 458180  |a BIBDER  |b BIBDER  |d 2019-11-23  |i 501395K  |o 262.91 FRA 2013  |p 501395K  |r 2023-01-25  |w 2019-11-23  |y BK  |z Catalogado en:20131004  |k DER 
952 |0 0  |1 0  |3 erb  |4 0  |6 262_910000000000000_FRA_2013  |7 0  |8 DER_HDC  |9 458181  |a BIBDER  |b BIBDER  |d 2019-11-23  |i 5013968  |o 262.91 FRA 2013  |p 5013968  |r 2023-01-25  |w 2019-11-23  |x Ubicación 4to Piso  |y BK  |z Estos recursos deben solicitarse con anticipación  |k DER 
952 |0 0  |1 0  |3 erb  |4 0  |6 262_910000000000000_FRA_2013  |7 0  |8 A  |9 458182  |a BIBDER  |b BIBDER  |d 2019-11-23  |i 5013976  |o 262.91 FRA 2013  |p 5013976  |r 2023-01-25  |w 2019-11-23  |y BK  |z Catalogado en:20131004  |k DER 
952 |0 0  |1 0  |3 erb  |4 0  |6 262_910000000000000_FRA_2013  |7 0  |8 A  |9 458183  |a BIBARQ  |b BIBARQ  |i 5142008  |o 262.91 FRA 2013  |p 5142008  |r 2025-01-20  |w 2019-11-23  |y BK  |z Catalogado en:20150319  |k ARQ 
952 |0 0  |1 0  |3 erb  |4 0  |6 262_910000000000000_FRA_2013  |7 0  |8 C  |9 458185  |a BIBCUR  |b BIBCUR  |i 5591481  |o 262.91 FRA 2013  |p 5591481  |r 2025-04-22  |w 2019-11-23  |y BK  |z Catalogado en:20190607  |k CAC 
952 |0 0  |1 0  |3 erb  |4 0  |6 262_910000000000000_FRA_2013  |7 0  |8 C  |9 458400  |a BIBCUR  |b BIBCUR  |d 2019-11-23  |i 5014557  |o 262.91 FRA 2013  |p 5014557  |r 2025-04-22  |w 2019-11-23  |y BK  |z Catalogado en:20131004  |k CAC 
952 |0 0  |1 0  |3 erb  |4 0  |6 262_910000000000000_FRA_2013  |7 0  |8 C  |9 458401  |a BIBCUR  |b BIBCUR  |d 2019-11-23  |i 5014565  |o 262.91 FRA 2013  |p 5014565  |r 2025-04-22  |w 2019-11-23  |y BK  |z Catalogado en:20131004  |k CAC 
952 |0 0  |1 0  |3 erb  |4 0  |6 262_910000000000000_FRA_2013  |7 0  |8 C  |9 458402  |a BIBCUR  |b BIBCUR  |d 2019-11-23  |i 5014573  |o 262.91 FRA 2013  |p 5014573  |r 2025-04-22  |w 2019-11-23  |y BK  |z Catalogado en:20131004  |k CAC 
952 |0 0  |1 0  |2 ddc  |4 0  |6 262_910000000000000_FRA_2013  |7 0  |8 A  |9 587085  |a BIBART  |b BIBART  |d 2022-10-05  |e Donación  |i 5655023  |o 262.91 FRA 2013  |p 5655023  |r 2023-01-11  |t 51  |w 2022-10-05  |y BK  |k ART 
952 |0 0  |1 0  |2 ddc  |4 0  |6 262_910000000000000_FRA_2013  |7 0  |8 A  |9 589960  |a BIBTEO  |b BIBTEO  |c GEN  |d 2023-05-10  |i 5607299  |l 1  |o 262.91 FRA 2013  |p 5607299  |r 2025-01-17  |s 2023-05-23  |w 2023-05-10  |y BK  |k ICR 
952 |0 0  |1 0  |2 ddc  |3 erb  |4 0  |6 262_910000000000000_FRA_2013  |7 0  |8 A  |9 592274  |a BIBTEO  |b BIBTEO  |d 2019-11-23  |i 5607302  |o 262.91 FRA 2013  |p 5607302  |r 2025-01-17  |w 2019-11-23  |y BK  |z Catalogado en:20131004  |k ICR